[Event "KOS-chT"]
[Site "Pristina"]
[Date "2025.05.27"]
[Round "5.12"]
[White "Krasniqi, Alban"]
[Black "Bahtijari, Bashkimy"]
[Result "1-0"]
[WhiteElo "2140"]
[BlackElo "2092"]
[PlyCount "75"]
[EventDate "2025.05.24"]
[EventType "team-tourn"]
[EventRounds "7"]
[EventCountry "KOS"]
[SourceTitle "CB23_2025"]
[SourceDate "2025.06.04"]
[SourceVersion "1"]
[SourceVersionDate "2025.06.04"]
[SourceQuality "1"]
[WhiteTeam "Dardania"]
[BlackTeam "Prizreni"]
[WhiteTeamCountry "KOS"]
[BlackTeamCountry "KOS"]

1. d4 Nf6 2. c4 e5 3. dxe5 Ng4 4. e4 Nxe5 5. f4 Ng6 6. Be3 Bb4+ 7. Nd2 0-0 8. Qc2 d6 9. f5 Ne5 10. Ngf3 Nbc6 11. 0-0-0 Re8 12. Be2 Ng4 13. Bg1 Nf6 14. Bd3 Ba5 15. h3 Bb6 16. g4 h6 17. Kb1 Bd7 18. a3 Qe7 19. Bxb6 axb6 20. Rhg1 Nh7 21. h4 f6 22. g5 fxg5 23. hxg5 hxg5 24. c5 Qf6 25. Bc4+ Kf8 26. Rh1 g4 27. Rxh7 gxf3 28. Rg1 Nd4 29. Qc3 bxc5 30. Rg6 Qe5 31. f6 Be6 32. fxg7+ Kg8 33. Qe3 d5 34. Bf1 Bf5 35. Rh8+ Kf7 36. g8Q+ Rxg8 37. Rh7+ Rg7 38. Rgxg7+ 1-0

[Event "KOS-chT"]
[Site "Pristina"]
[Date "2025.05.25"]
[Round "2.18"]
[White "Kollari, Sabahudin"]
[Black "Bahtijari, Bashkimy"]
[Result "0-1"]
[WhiteElo "2073"]
[BlackElo "2092"]
[PlyCount "106"]
[EventDate "2025.05.24"]
[EventType "team-tourn"]
[EventRounds "7"]
[EventCountry "KOS"]
[SourceTitle "CB23_2025"]
[SourceDate "2025.06.04"]
[SourceVersion "1"]
[SourceVersionDate "2025.06.04"]
[SourceQuality "1"]
[WhiteTeam "Rahoveci"]
[BlackTeam "Prizreni"]
[WhiteTeamCountry "KOS"]
[BlackTeamCountry "KOS"]

1. c4 Nf6 2. Nc3 g6 3. Nf3 Bg7 4. g3 0-0 5. Bg2 c5 6. d4 cxd4 7. Nxd4 Nc6 8. 0-0 Nxd4 9. Qxd4 d6 10. Qd3 a6 11. b3 Bf5 12. Qe3 Rb8 13. Bb2 b5 14. cxb5 axb5 15. Rac1 h5 16. h3 Kh7 17. Qd2 Qa5 18. Kh2 Bd7 19. Rfd1 Qa7 20. e3 Be6 21. Qe2 Qa5 22. Rd2 Rfc8 23. Rdc2 Rc5 24. Be4 Rbc8 25. Bd3 Bd7 26. Ne4 Nxe4 27. Bxe4 Rxc2 28. Rxc2 Rxc2 29. Qxc2 Qxa2 30. Bxg7 Qxc2 31. Bxc2 Kxg7 32. h4 Kf6 33. f4 Ke6 34. e4 d5 35. Kg1 Kd6 36. b4 dxe4 37. Bxe4 Bc6 38. Bc2 Kd5 39. Bb3+ Kd4 40. Bxf7 Be4 41. Kf2 Kc3 42. Ke3 Bf5 43. Be8 Kxb4 44. Kd4 Ka5 45. Kc5 b4 46. Kc4 Bc2 47. Bd7 b3 48. Kc3 Kb6 49. Ba4 Kc5 50. Bxb3 Bxb3 51. Kxb3 Kd4 52. g4 hxg4 53. f5 gxf5 0-1

[Event "KOS-chT"]
[Site "Pristina"]
[Date "2024.05.18"]
[Round "2.8"]
[White "Bahtijari, Bashkimy"]
[Black "Saraci, Nderim"]
[Result "0-1"]
[WhiteElo "2108"]
[BlackElo "2452"]
[PlyCount "60"]
[EventDate "2024.05.17"]
[EventType "team-tourn"]
[EventRounds "7"]
[EventCountry "KOS"]
[SourceTitle "CBM 220 Extra"]
[Source "ChessBase"]
[SourceDate "2024.07.31"]
[SourceVersion "1"]
[SourceVersionDate "2024.07.31"]
[SourceQuality "1"]
[WhiteTeam "Vellaznimi"]
[BlackTeam "Dardania"]
[WhiteTeamCountry "KOS"]
[BlackTeamCountry "KOS"]

1. e4 e5 2. Bc4 Bc5 3. Nf3 Nc6 4. 0-0 d6 5. c3 Nf6 6. d3 a6 7. a4 Ba7 8. h3 h6 9. Re1 g5 10. a5 Qe7 11. Be3 g4 12. hxg4 Bxg4 13. Nbd2 Rg8 14. Bxa7 Rxa7 15. Nf1 Nh5 16. N1h2 Bh3 17. g3 Qf6 18. Kh1 Ne7 19. d4 Ng6 20. Bf1 Be6 21. dxe5 Nxe5 22. Bg2 Ra8 23. Re3 Nc4 24. Re2 Qg7 25. Qd4 Qxg3 26. Rg1 Qf4 27. b3 Ne5 28. Re3 Rd8 29. Qb4 c5 30. Qxb7 Qxe3 0-1

[Event "MNT-chT 1st"]
[Site "Herceg Novi"]
[Date "2006.10.01"]
[Round "10"]
[White "Bahtijari, Bashkimy"]
[Black "Jakic, Vidan"]
[Result "0-1"]
[WhiteElo "2253"]
[BlackElo "2092"]
[PlyCount "84"]
[EventDate "2006.09.22"]
[EventType "tourn"]
[EventRounds "11"]
[EventCountry "MNE"]
[SourceTitle "CBM 114 Extra"]
[Source "ChessBase"]
[SourceDate "2006.11.03"]
[SourceVersion "1"]
[SourceVersionDate "2006.11.03"]
[SourceQuality "1"]

1. e4 c5 2. Nf3 Nc6 3. d4 cxd4 4. Nxd4 Nf6 5. Nc3 e5 6. Ndb5 d6 7. Bg5 a6 8. Na3 b5 9. Nd5 Be7 10. c3 Nxd5 11. Qxd5 Bb7 12. Bxe7 Qxe7 13. Qd3 0-0 14. g3 f5 15. Bg2 f4 16. 0-0 Rf6 17. Nc2 Raf8 18. f3 Rh6 19. Rf2 Qg5 20. g4 Ne7 21. Nb4 d5 22. a4 dxe4 23. fxe4 Qxg4 24. axb5 axb5 25. Qxb5 Ba8 26. Ra7 Nc6 27. Ra1 Nxb4 28. Qxb4 Rhf6 29. Qc5 Bc6 30. h3 Qh5 31. Ra6 Qg6 32. b4 f3 33. b5 Bxe4 34. Rxf6 gxf6 35. b6 Rf7 36. Rd2 fxg2 37. Rd8+ Kg7 38. Qc8 Kh6 39. Qc5 Qg5 40. Rd1 Qf4 41. c4 Bd3 42. h4 Qf1+ 0-1

[Event "MNT-chT 1st"]
[Site "Herceg Novi"]
[Date "2006.09.27"]
[Round "6"]
[White "Bahtijari, Bashkimy"]
[Black "Minic, Milan"]
[Result "0-1"]
[WhiteElo "2253"]
[BlackElo "2166"]
[PlyCount "72"]
[EventDate "2006.09.22"]
[EventType "tourn"]
[EventRounds "11"]
[EventCountry "MNE"]
[SourceTitle "CBM 114 Extra"]
[Source "ChessBase"]
[SourceDate "2006.11.03"]
[SourceVersion "1"]
[SourceVersionDate "2006.11.03"]
[SourceQuality "1"]

1. e4 e6 2. d4 d5 3. Nc3 Bb4 4. e5 Ne7 5. a3 Bxc3+ 6. bxc3 c5 7. Qg4 Kf8 8. h4 Qa5 9. Bd2 Qa4 10. Rc1 Nbc6 11. Nf3 b6 12. Qf4 h6 13. Bd3 Ba6 14. g4 Bxd3 15. cxd3 cxd4 16. cxd4 Qxa3 17. Ke2 Qa6 18. h5 Rc8 19. Nh4 Ke8 20. Rhg1 f6 21. exf6 Rf8 22. g5 hxg5 23. Rxg5 gxf6 24. Rg4 e5 25. dxe5 fxe5 26. Qg5 e4 27. Ng6 Nd4+ 28. Kf1 Qxd3+ 29. Kg2 Qf3+ 30. Kh2 Qxf2+ 31. Kh3 Rf3+ 32. Rg3 Rxg3+ 33. Qxg3 Qxg3+ 34. Kxg3 Rxc1 35. Bxc1 Nxg6 36. hxg6 Ne2+ 0-1

[Event "MNT-chT 1st"]
[Site "Herceg Novi"]
[Date "2006.09.26"]
[Round "5"]
[White "Kostic, Vladimir G"]
[Black "Bahtijari, Bashkimy"]
[Result "0-1"]
[WhiteElo "2433"]
[BlackElo "2253"]
[PlyCount "52"]
[EventDate "2006.09.22"]
[EventType "tourn"]
[EventRounds "11"]
[EventCountry "MNE"]
[SourceTitle "CBM 114 Extra"]
[Source "ChessBase"]
[SourceDate "2006.11.03"]
[SourceVersion "1"]
[SourceVersionDate "2006.11.03"]
[SourceQuality "1"]

1. e4 c5 2. Nf3 d6 3. d4 cxd4 4. Nxd4 g6 5. Bb5+ Bd7 6. Bxd7+ Qxd7 7. 0-0 Bg7 8. c3 Nf6 9. Qc2 0-0 10. f3 Nc6 11. Be3 Rab8 12. Nd2 Rfc8 13. Qd3 b5 14. c4 Ne5 15. Qe2 bxc4 16. f4 Neg4 17. Rab1 Nxe3 18. Qxe3 Ng4 19. Qc3 e5 20. fxe5 Nxe5 21. Qe3 Ng4 22. Qc3 Qe7 23. h3 Ne5 24. Qe3 Qc7 25. Rfc1 Qb6 26. Rd1 Ng4 0-1

[Event "MNT-chT 1st"]
[Site "Herceg Novi"]
[Date "2006.09.25"]
[Round "4"]
[White "Bahtijari, Bashkimy"]
[Black "Savic, Miomir"]
[Result "1/2-1/2"]
[WhiteElo "2253"]
[BlackElo "2221"]
[PlyCount "23"]
[EventDate "2006.09.22"]
[EventType "tourn"]
[EventRounds "11"]
[EventCountry "MNE"]
[SourceTitle "CBM 114 Extra"]
[Source "ChessBase"]
[SourceDate "2006.11.03"]
[SourceVersion "1"]
[SourceVersionDate "2006.11.03"]
[SourceQuality "1"]

1. e4 d5 2. exd5 Qxd5 3. d4 e5 4. Be3 exd4 5. Qxd4 Qxd4 6. Bxd4 Bf5 7. Bb5+ c6 8. Ba4 Nd7 9. Bb3 Ngf6 10. Nd2 b5 11. a4 Bc5 12. Ngf3 1/2-1/2

[Event "SCG-chT2"]
[Site "Sutomore"]
[Date "2004.09.16"]
[Round "9.4"]
[White "Bahtijari, Bashkimy"]
[Black "Petrusic, Goran"]
[Result "1/2-1/2"]
[WhiteElo "2237"]
[BlackElo "1994"]
[PlyCount "100"]
[EventDate "2004.09.10"]
[EventType "team-tourn"]
[EventRounds "9"]
[EventCountry "YUG"]
[SourceTitle "CBM 102 Extra"]
[Source "ChessBase"]
[SourceDate "2004.11.03"]
[SourceVersion "1"]
[SourceVersionDate "2004.11.03"]
[SourceQuality "1"]
[WhiteTeam "04"]
[BlackTeam "10"]
[WhiteTeamCountry "YUG"]
[BlackTeamCountry "YUG"]

1. e4 c5 2. Nf3 Nc6 3. d4 cxd4 4. Nxd4 e5 5. Nb5 d6 6. N1c3 a6 7. Na3 b5 8. Nd5 Nf6 9. Bg5 Be7 10. Bxf6 Bxf6 11. c3 0-0 12. Nc2 Be6 13. Nce3 Bg5 14. Be2 Ne7 15. Nxe7+ Qxe7 16. Nd5 Qb7 17. 0-0 Bxd5 18. exd5 f5 19. Qb3 Rfb8 20. g3 e4 21. Kg2 f4 22. gxf4 Bxf4 23. Bg4 Qe7 24. Be6+ Kh8 25. Qc2 Qg5+ 26. Kh1 Qh5 27. h3 Qf3+ 28. Kg1 Be5 29. Rfe1 b4 30. c4 Qf4 31. Qxe4 Qh2+ 32. Kf1 Bxb2 33. Rab1 Bc3 34. Re2 Rf8 35. Qg2 Qxg2+ 36. Kxg2 a5 37. Re4 g6 38. Bd7 Rf6 39. Re6 Raf8 40. Rf1 Bd4 41. f3 Bc5 42. Rxf6 Rxf6 43. Re1 Rf7 44. Ba4 Kg7 45. Kg3 g5 46. Re6 h5 47. Bc2 Rf6 48. Re7+ Rf7 49. Re6 Rf6 50. Re7+ Rf7 1/2-1/2

[Event "YUG Cup1"]
[Site "Yugoslavia"]
[Date "2002.05.19"]
[Round "7"]
[White "Bahtijari, Bashkimy"]
[Black "Bodiroga, Predrag"]
[Result "0-1"]
[WhiteElo "2202"]
[BlackElo "2397"]
[PlyCount "77"]
[EventDate "2002.05.??"]
[EventType "swiss"]
[EventRounds "7"]
[EventCountry "YUG"]
[SourceTitle "EXT 2006"]
[Source "ChessBase"]
[SourceDate "2005.11.24"]
[SourceVersion "1"]
[SourceVersionDate "2005.11.24"]
[SourceQuality "1"]

1. e4 c6 2. d4 d5 3. Nc3 dxe4 4. Nxe4 Bf5 5. Ng3 Bg6 6. h4 h6 7. Nf3 Nd7 8. h5 Bh7 9. Bd3 Bxd3 10. Qxd3 e6 11. Bf4 Bb4+ 12. c3 Be7 13. 0-0-0 Ngf6 14. Kb1 0-0 15. Ne5 Qa5 16. Ne4 Rad8 17. Nxf6+ Bxf6 18. Nc4 Qa6 19. Bc7 Rc8 20. Bf4 b5 21. Nd6 Rcd8 22. Ne4 Be7 23. g4 e5 24. dxe5 Nxe5 25. Qg3 Qa4 26. Nd2 Rd3 27. Be3 Nc4 28. Nb3 Rxd1+ 29. Rxd1 Nxe3 30. Rd4 Nc4 31. f4 Bf6 32. Nc5 Qa5 33. Rd3 Qc7 34. Rd7 Qb6 35. b4 Qb8 36. Rd1 Nb6 37. Ne4 Nd5 38. Rf1 Re8 39. Qf3 0-1

[Event "Herceg Novi Mimoza op"]
[Site "Herceg Novi"]
[Date "2002.02.04"]
[Round "1"]
[White "Genov, Petar"]
[Black "Bahtijari, Bashkimy"]
[Result "1-0"]
[WhiteElo "2510"]
[BlackElo "2253"]
[PlyCount "73"]
[EventDate "2002.02.04"]
[EventType "swiss"]
[EventRounds "9"]
[EventCountry "YUG"]
[SourceTitle "CBM 086 Extra"]
[Source "ChessBase"]
[SourceDate "2002.03.14"]
[SourceVersion "1"]
[SourceVersionDate "2002.03.14"]
[SourceQuality "1"]

1. d4 Nf6 2. c4 g6 3. Nc3 Bg7 4. e4 d6 5. f3 0-0 6. Bg5 c5 7. d5 a6 8. Nge2 Nbd7 9. Ng3 Qa5 10. Be2 b5 11. cxb5 Nb6 12. Bd2 c4 13. a4 Qb4 14. a5 Nbd7 15. b6 Ne5 16. 0-0 Nfd7 17. Na4 Qb5 18. Bc3 Nc5 19. Nxc5 Qxc5+ 20. Rf2 h5 21. f4 Ng4 22. Bxg4 Bxg4 23. Qd2 Bd7 24. e5 Rfd8 25. Ne4 Qb5 26. exd6 Bf5 27. Bxg7 Bxe4 28. Bc3 Bd3 29. f5 Rxd6 30. Qh6 Rf6 31. fxg6 fxg6 32. Rxf6 exf6 33. Bxf6 Qc5+ 34. Kh1 Qf8 35. Qh8+ Kf7 36. Qxf8+ Rxf8 37. Be5 1-0